Statistiques concernant Petit Bac #07 - Pays d'Asie

Cliquez ici pour prendre le quiz!

Statistiques générales

  • Ce quiz a été pris 3 349 fois
  • Le résultat moyen est 17 sur 19

Statistiques - réponses

1ère LettrePays% Correct
CCambodge / Chine / Chypre / Corée du Nord / Corée du Sud
99%
IInde / Indonésie / Irak / Iran / Israël
98%
JJapon / Jordanie
98%
AAfghanistan / Arabie Saoudite / Arménie / Azerbaïdjan
96%
TTadjikistan / Taïwan / Thaïlande / Timor Oriental / Turkménistan / Turquie
96%
YYémen
95%
BBahreïn / Bangladesh / Bhoutan / Birmanie / Brunei
94%
KKazakhstan / Kirghizistan / Koweït
94%
MMalaisie / Maldives / Mongolie
94%
OOman / Ouzbékistan
94%
LLaos / Liban
93%
PPakistan / Philippines
92%
QQatar
92%
SSingapour / Sri Lanka / Syrie
90%
VViêt Nam
85%
NNépal
84%
GGéorgie
81%
EEmirats Arabes Unis
75%
(R)(Russie)
68%

Distribution des résultats

Percentile par nombre de réponses

% des personnes avec chaque résultat

Votre développement - résultats

Vous n’avez pas pris ce quiz